Normal view
MARC view
- Ali Hammad Kanza Fatima Ahmad
Entry Personal Name
001 - CONTROL NUMBER
- control field: 119592
003 - CONTROL NUMBER IDENTIFIER
- control field: NUST
005 - DATE AND TIME OF LATEST TRANSACTION
- control field: 20231209131449.0
008 - FIXED-LENGTH DATA ELEMENTS
- fixed length control field: 231209|| aca||aabn | a|a d
040 ## - CATALOGING SOURCE
- Original cataloging agency: NUST
- Transcribing agency: NUST
100 ## - HEADING--PERSONAL NAME
- Personal name: Ali Hammad Kanza Fatima Ahmad
670 ## - SOURCE DATA FOUND
- Source citation: Work cat.: (NUST): Ali Hammad Kanza Fatima Ahmad, PR-SOF-2246-Zynq-Based Smart Camera With Read Time Dehazing, 2023.
